| 000 | 00692nam a22002057a 4500 | ||
|---|---|---|---|
| 999 |
_c20197 _d20197 |
||
| 003 | AR-CdUCM | ||
| 008 | 190527b ||||| |||| 00| 0 spa d | ||
| 040 |
_aMUNICIPALIDAD PROVINCIAL DEL CUSCO _cBIBLIOTECA MUNICIPAL DEL CUSCO |
||
| 082 |
_a616.86 / _bN17 |
||
| 100 |
_aNizama Valladolid, Martín _942213 |
||
| 245 | _aSociedad, familia y drogas / | ||
| 260 |
_aTrujillo : _bMarsol, _c1985. |
||
| 300 |
_a845 páginas ; _c21 cm. |
||
| 505 | _aContenido: La subcultura de los "drogos" -- Limites de la subcultura -- El huesped (drogo)... | ||
| 650 |
_aSociedad y drogas _942214 |
||
| 650 |
_aFamilia y drogas _942215 |
||
| 650 |
_aDrogas _915673 |
||
| 942 |
_2ddc _cLIBROS |
||
| 945 | _aAndy | ||